000 00338nam a22001337a 4500
020 _qPB.
040 _cFIZZA ISHAQ
082 _a791.43
_bKEN
100 _aKESEY,KEN.
_9133705
245 _aONE FLEW OVEN THE CUCKOO'S NEST ,
_cKEN KESEY.
260 _aNEW YORK ;
_bA SIGNET BOOK,
_c1962.
300 _a325 P. ;
_c7.4X4IN
942 _2ddc
_cBK
999 _c616666
_d616666